Brooklyn Nets 2024-2025 Roster - Statistics

General Stats
  • This quiz has been taken 56 times
    25 since last reset
  • The average score is 9 of 18
Answer Stats
Jersey # Answer % Correct
2 Cameron Johnson
93%
45 Keon Johnson
86%
33 Nic Claxton
86%
24 Cam Thomas
79%
1 D'Angelo Russell
64%
22 Jalen WIlson
64%
10 Ben Simmons
57%
20 Day'Ron Sharpe
50%
21 Noah Clowney
50%
8 Ziaire Williams
50%
9 Trendon Watford
43%
0 Dariq Whitehead
36%
13 Tyrese Martin
36%
44 Bojan Bogdanovic
29%
27 Maxwell Lewis
29%
14 De'Anthony Melton
21%
4 Reece Beekman
0%
12 Tosan Evbuomwan
0%
No matching quizzes found
Score Distribution
Percent of People with Each Score
Percentile by Number Answered
Your Score History
You have not taken this quiz since the last reset